00231nam a2200097Ia 4500008004100000100001700041245002900058260003000087300000800117650000800125191201s2013 xx 000 0 und d aPANDEY, G.N. 0aEnvironmental Management aN. delhibVikas pubc2013 a398 aBBA